Mészáros Rezsőt javasolták a JATE rektorának
Elmentve itt :
| Dokumentumtípus: | Cikk |
|---|---|
| Megjelent: |
1994-10-15
|
| Sorozat: | Délmagyarország
84 No. 252 |
| Kulcsszavak: | Mészáros Rezső, Rektor, Mészáros Rezső |
| Online Access: | http://dmarchiv.bibl.u-szeged.hu/79236 |
| LEADER | 00451nab a2200145 i 4500 | ||
|---|---|---|---|
| 001 | delm79236 | ||
| 005 | 20191008152756.0 | ||
| 008 | 191008s1994 hu o 0|| hun d | ||
| 040 | |a SZTE Délmagyarország Archívum |b hun | ||
| 041 | |a hun | ||
| 245 | 0 | 0 | |a Mészáros Rezsőt javasolták a JATE rektorának |h [elektronikus dokumentum] |
| 260 | |c 1994-10-15 | ||
| 300 | |a 1,5 | ||
| 490 | 0 | |a Délmagyarország |v 84 No. 252 | |
| 695 | |a Mészáros Rezső, Rektor, Mészáros Rezső | ||